Японский меч - душа самурая; Труды V юбилейной региональной научно-практической военно-исторической конференции с международным участием студентов и учащейся молодёжи "Салют, Победа!", посвящённой 64-й годовщине Победы в Великой Отечественной войне 1941-1945 гг., 7 мая 2009 г., Юрга

Bibliografiske detaljer
Parent link:Труды V юбилейной региональной научно-практической военно-исторической конференции с международным участием студентов и учащейся молодёжи "Салют, Победа!", посвящённой 64-й годовщине Победы в Великой Отечественной войне 1941-1945 гг., 7 мая 2009 г., Юрга.— 2009.— С. 119-121
Hovedforfatter: Федосеев С. Н.
Andre forfattere: Платонов М. А. (научный руководитель)
Sprog:russisk
Udgivet: 2009
Fag:
Format: MixedMaterials Book Chapter
KOHA link:https://koha.lib.tpu.ru/cgi-bin/koha/opac-detail.pl?biblionumber=169238

MARC

LEADER 00000naa2a2200000 4500
001 169238
005 20231031163344.0
035 |a (RuTPU)RU\TPU\book\183577 
090 |a 169238 
100 |a 20091109d2009 k y0rusy50 ca 
101 0 |a rus 
102 |a RU 
200 1 |a Японский меч - душа самурая  |f С. Н. Федосеев  |g науч. рук. М. А. Платонов 
320 |a Библиогр.: 3 назв. 
463 0 |0 (RuTPU)RU\TPU\book\176251  |t Труды V юбилейной региональной научно-практической военно-исторической конференции с международным участием студентов и учащейся молодёжи "Салют, Победа!", посвящённой 64-й годовщине Победы в Великой Отечественной войне 1941-1945 гг., 7 мая 2009 г., Юрга  |f Томский политехнический университет (ТПУ), Юргинский технологический институт (ЮТИ) ; Региональная научно-практическая военно-историческая конференция, посвященная 64-й годовщине Победы, труды ; под ред. Д. А. Чинахова  |v С. 119-121  |d 2009  |p 141 с. 
610 1 |a Япония 
610 1 |a мечи 
610 1 |a боевое оружие 
610 1 |a оружие 
610 1 |a история 
610 1 |a японский меч 
610 1 |a самураи 
610 1 |a труды учёных ТПУ 
700 1 |a Федосеев  |b С. Н. 
702 1 |a Платонов  |b М. А.  |4 727 
801 1 |a RU  |b 63413507  |c 20091109 
801 2 |a RU  |b 63413507  |c 20140429  |g RCR 
942 |c BK